LEADER 01349nam0 22003011i 450 001 SUN0010696 005 20110208100330.166 010 $a88-324-4604-9 100 $a20021128d2002 |0itac50 ba 101 $aita 102 $aIT 105 $a|||| ||||| 200 1 $aTrasformazione, fusione, conferimento, scissione e liquidazione delle società$easpetti civilistici, contabili e fiscali, formulario su floppy$fMarco Confalonieri 205 $a17. ed 210 $dMilano : Il sole 24 ore$dc2002 215 $aXXIII, 830 p.$d24 cm. 410 1$1001SUN0010697$12001 $aSocietà$1210 $dMilano : Il sole 24 ore. 606 $aSocietà -Diritto-Italia$2FI$3SUNC005879 620 $dMilano$3SUNL000284 676 $a346.45066$cDiritto delle società - Italia$v21 700 1$aConfalonieri$b, Marco$3SUNV008121$0105831 712 $aIl sole 24 ore$3SUNV001053$4650 801 $aIT$bSOL$c20181109$gRICA 912 $aSUN0010696 950 $aUFFICIO DI BIBLIOTECA DEL DIPARTIMENTO DI GIURISPRUDENZA$d00 CONS VI.Eb.37 $e00 21847 995 $aUFFICIO DI BIBLIOTECA DEL DIPARTIMENTO DI GIURISPRUDENZA$h21847$kCONS VI.Eb.37$oc$qa 996 $aTrasformazione, fusione, conferimento, scissione e liquidazione delle società$941971 997 $aUNICAMPANIA LEADER 02098oam 2200685 450 001 9910709881703321 005 20211006120710.0 035 $a(CKB)5470000002473436 035 $a(OCoLC)891572248 035 $a(EXLCZ)995470000002473436 100 $a20140929d1929 ua 0 101 0 $aeng 135 $aurbn||||||||| 181 $ctxt$2rdacontent 182 $cc$2rdamedia 183 $acr$2rdacarrier 200 10$aAdditions to the flora of the Green River Formation /$fby Roland W. Brown 210 1$a[Washington, D.C.] :$c[Department of the Interior, U.S. Geological Survey],$d[1929] 210 2$a[Washington, D.C.] :$c[Government Printing Office] 215 $a1 online resource (279-292 pages, 6 plates) 225 1 $a[Professional paper] ;$v[154-J] 225 1 $aShorter contributions to general geology ;$v1928 320 $aIncludes bibliographical references. 517 3 $aShorter contributions to general geology, 1928 606 $aPaleobotany$zGreen River Formation 606 $aPaleobotany$yEocene 606 $aPaleobotany$zColorado 606 $aPaleobotany$zUtah 606 $aPaleobotany$zWyoming 606 $aEocene Geologic Epoch$2fast 606 $aPaleobotany$2fast 607 $aUnited States$zGreen River Formation$2fast 607 $aColorado$2fast 607 $aUtah$2fast 607 $aWyoming$2fast 608 $aOnline resources. 615 0$aPaleobotany 615 0$aPaleobotany 615 0$aPaleobotany 615 0$aPaleobotany 615 0$aPaleobotany 615 7$aEocene Geologic Epoch. 615 7$aPaleobotany. 700 $aBrown$b Roland W$g(Roland Wilbur),$f1893-1961,$01389891 712 02$aGeological Survey (U.S.), 801 0$bCOP 801 1$bCOP 801 2$bOCLCO 801 2$bOCLCF 801 2$bOCLCA 801 2$bGPO 801 2$bOCLCA 801 2$bMERUC 801 2$bOCL 801 2$bOCLCQ 801 2$bGPO 906 $aBOOK 912 $a9910709881703321 996 $aAdditions to the flora of the Green River Formation$93500357 997 $aUNINA LEADER 04239nam 22008534a 450 001 9910969876703321 005 20251116175624.0 010 $a1-134-48170-5 010 $a1-134-48171-3 010 $a0-415-27332-3 010 $a1-280-04929-4 010 $a0-203-40263-4 024 7 $a10.4324/9780203402634 035 $a(CKB)1000000000250653 035 $a(EBL)178869 035 $a(OCoLC)475882753 035 $a(SSID)ssj0000298884 035 $a(PQKBManifestationID)11947420 035 $a(PQKBTitleCode)TC0000298884 035 $a(PQKBWorkID)10236825 035 $a(PQKB)10160791 035 $a(MiAaPQ)EBC178869 035 $a(Au-PeEL)EBL178869 035 $a(CaPaEBR)ebr10100481 035 $a(CaONFJC)MIL4929 035 $a(OCoLC)56741461 035 $a(EXLCZ)991000000000250653 100 $a20030113d2003 uy 0 101 0 $aeng 135 $aur|n|---||||| 181 $ctxt 182 $cc 183 $acr 200 00$aHousing and social change $eEast-West perspectives /$fedited by Ray Forrest and James Lee 205 $a1st ed. 210 $aLondon ;$aNew York $cRoutledge$d2003 215 $a1 online resource (290 p.) 225 1 $aHousing and society series 300 $aDescription based upon print version of record. 311 08$a0-203-41137-4 311 08$a0-415-27331-5 320 $aIncludes bibliographical references and index. 327 $tSome reflections on the housing question /$rRay Forrest --$tHome-ownership in East and South East Asia : market, state and institutions /$rJames Lee, Ray Forrest and Wai Keung Tam --$tRestructuring social housing systems /$rChristine M. E. Whitehead --$tHousing provision and management of aspirations /$rChua Beng Huat. 327 $tHousing and regulation theory : domestic demand and global financialization /$rAlan Smart and James Lee --$tHousing diversity in the global city /$rSophie Watson --$tMaking of home in a global world : Aotearoa/New Zealand as an exemplar /$rHarvey Perkins and David Thorns --$tHome-ownership in an unstable world : the case of Japan /$rYosuke Hirayama --$tHome-ownership and changing housing and mortgage markets : the new economic realities /$rPeter Williams --$tFrom welfare benefit to capitalized asset : the re-commodification of residential space in urban China /$rDeborah S. Davis --$tBanking the unbanked : connecting residents of social housing to the financial mainstream /$rMichael A. Stegman --$tSocial sustainability, sustainable development and housing development : the experience of Hong Kong /$rRebecca L. H. Chiu --$tUrban reform and low-income communities in Chinese cities /$rYa Ping Wang --$tConcluding observations /$rRay Forrest and James Lee. 330 $aThis wide-ranging exploration of the key contemporary relationships between social change and housing is both policy-oriented and theoretical, drawing on a group of internationally-respected academics. It is also multidisciplinary, incorporating sociology, economics, social policy and human geography perspective. Its international perspective is rooted in its examination of issues such as economic insecurity and instability, social diversity, financial and social exclusion, sustainability, privatisation and state legitimacy, the interaction of the global and the local across three continents. 410 0$aHousing and society series. 606 $aHousing 606 $aHousing policy 606 $aHome ownership 606 $aUrbanization 606 $aHousing$zAsia 606 $aHousing policy$zAsia 606 $aHome ownership$zAsia 606 $aUrbanization$zAsia 607 $aAsia$xSocial conditions$y21st century 615 0$aHousing. 615 0$aHousing policy. 615 0$aHome ownership. 615 0$aUrbanization. 615 0$aHousing 615 0$aHousing policy 615 0$aHome ownership 615 0$aUrbanization 676 $a363.5 686 $a71.83$2bcl 701 $aForrest$b Ray$0249717 701 $aLee$b James$f1950-$01612664 801 0$bMiAaPQ 801 1$bMiAaPQ 801 2$bMiAaPQ 906 $aBOOK 912 $a9910969876703321 996 $aHousing and social change$94482801 997 $aUNINA